victorious character quiz - Statistics

General Stats
  • This quiz has been taken 191 times
  • The average score is 8 of 8
Answer Stats
hint character % Correct
she likes scissors jade
99%
the main character tori
99%
he's canadian beck
98%
her hair is red cat
98%
he's a nerd robbie
96%
the main charactersannoying sister trina
96%
the puppet rex
87%
the best teacher at hollywood arts sikowitz
78%
No matching quizzes found
Score Distribution
Percent of People with Each Score
Percentile by Number Answered
Your Score History
You have not taken this quiz